Ends in 'MAN' Quiz Stats

 Plays Quiz Updated Nov 21, 2015

Also try: Man Words
Challenge
Share
Tweet
Embed
Score 0/40 Timer 07:00
2 Plays Today
Hint -man % Correct
Enemy of the JokerBatman
93.8%
Arguably the most famous arcade game of all timePac-Man
82.7%
Colorful NBA star DennisRodman
81.3%
He would dance and be merry if he only had a heartTin Man
78.6%
SailorSeaman
78.6%
Caribbean islands notable for being a major banking centerCayman (Islands)
78.1%
Another name for a pilot, especially one from TuskegeeAirman
76.5%
Occupation for Moe Szyslak and Sam MaloneBarman
74.9%
Someone who will never disagree with youYes-man
74.6%
Melville or MunsterHerman
74.1%
One from HamburgGerman
71.1%
The man who took over for FDRTruman (Harry)
70.9%
Schwarzkopf or BatesNorman
70.7%
SwindlerCon man
68.3%
'Ramblin' Man' group The ____ Brothers BandAllman
67.6%
Leader of the Underground RailroadTubman (Harriet)
67.2%
Jerry Seinfeld's archnemesisNewman
66.9%
Size-shifting Marvel hero (and subject of 2015 movie)Ant-Man
66.5%
Department store _____ MarcusNeiman
65.8%
Author Rushdie of 'The Satanic Verses'Salman
64.2%
Hint -man % Correct
She's currently married to Keith UrbanKidman (Nicole)
62.2%
Tribal leader who deals with spiritsShaman
61.7%
He won 3 Super Bowls with the Dallas CowboysAikman (Troy)
61.1%
'Dallas' star LarryHagman
59.5%
Wyatt Earp or Bat Masterson e.g.Lawman
58.9%
Member of the church but not of the clergyLayman
56.9%
Jake and the ____Fatman
55.2%
Crazy personMadman
54.4%
_____ Brothers, financial firm that folded in 2008Lehman
51.6%
Occupation for Julies Winnfield and Vincent VegaHitman
49.5%
Director Robert who helmed 'Nashville' and 'M*A*S*H'Altman
48.2%
Portrayer of Sirius BlackOldman
43.9%
King Triton e.g. (or a Derek Zoolander costume)Merman
41.3%
Alligator relativeCaiman
40.9%
Mad Magazine faceNeuman
36.8%
Sea off AustraliaTasman
36.7%
Lead actress from 'Dharma and Greg'Elfman (Jenna)
36.6%
One of the original X-MenIceman
31.1%
First track on The Beatles' RevolverTaxman
30.3%
Harry Potter character LudoBagman
30.3%

You're not logged in!

Compare scores with friends on all Sporcle quizzes.
OR
Log In

You Might Also Like...

Show Comments

Extras

Top Quizzes Today


Score Distribution

Your Account Isn't Verified!

In order to create a playlist on Sporcle, you need to verify the email address you used during registration. Go to your Sporcle Settings to finish the process.

Report this User

Report this user for behavior that violates our Community Guidelines.

Details: